000 00672nam a22001817a 4500
003 OSt
005 20250210164530.0
008 240827b ||||| |||| 00| 0 eng d
040 _c0
082 _aDPer 379.1 J826 Winter-Spring 2021 v. 46, n. 3-4
100 _aSmith, Sharda Jackson.
_eauthor.
_958985
245 _aMaine /
_cSharda Jackson Smith.
260 _aIllinois, United States ;
_bUniversity of Illinois Press and Johns Hopkins University Press,
_cWinter 2021.
300 _avolume 46, pages 290-292.
500 _aJournal of Education Finance, v. 46, n. 3 , pages 290-292, Winter 2021.
700 _aSmith, Sharda Jackson.
_eauthor.
_958985
942 _2ddc
_cPER
999 _c20890
_d20890